|
|
|
|
| LEADER |
00000nab a2200000 a 4500 |
| 001 |
vtls000349213 |
| 003 |
SK-MaSNL |
| 005 |
20260303223041.0 |
| 008 |
230120c1988 xo 0 slo |
| 015 |
|
|
|a SNBRB19rr/mm-uuuuu
|
| 035 |
|
|
|a CL0349335
|
| 035 |
|
|
|a urn:nbn:sk:snk-ab8kn
|
| 035 |
|
|
|a (urnnbn)urn:nbn:sk:snk:ar-a04qjj
|
| 035 |
|
|
|a (uuid)83f30b6f-9289-4b56-9a0d-0753d1a1f45c
|
| 040 |
|
|
|a SNKBUCL
|b slo
|c SNKBUCL
|e AACR2
|
| 041 |
0 |
|
|a slo
|
| 044 |
|
|
|a xo
|c SK
|
| 080 |
|
|
|a 628.32:628.336.4
|2 1981
|
| 080 |
|
|
|a 628.336.4
|2 1981
|
| 100 |
1 |
|
|a Námer, Juraj
|4 aut
|9 9774
|
| 245 |
1 |
0 |
|a Príspevok k reologickým charakteristikám anaeróbne stabilizovaných kalov z mestských čistiarní odpadových vôd
|c Juraj Námer
|
| 300 |
|
|
|b Tb. 2. Grafy 11., lit. 19 zázn. v češ., slov., angl., franc., nem.
|
| 650 |
0 |
7 |
|a odpadové vody
|2 snkbucl
|9 66096
|
| 650 |
0 |
7 |
|a čistiarne odpadových vôd
|2 snkbucl
|9 18336
|
| 650 |
0 |
7 |
|a kaly
|2 snkbucl
|9 30006
|
| 655 |
|
7 |
|a články z novín a časopisov
|2 snkbucl
|9 267496
|
| 773 |
0 |
|
|t Vodohospodársky časopis
|g Roč. 36, č. 4 (1988), s. 455-472
|
| 850 |
|
|
|a Slovenská národná knižnica v Martine
|a MTA001
|
| 852 |
|
|
|a SNK
|b KIS3GCP
|
| 954 |
|
|
|a odborná, vedecká literatúra pôvodná (slovenská)
|2 lita
|
| 958 |
|
|
|a NB
|
| 958 |
|
|
|a RK
|
| 958 |
|
|
|a OND
|
| 958 |
|
|
|a EUIPO
|
| 958 |
|
|
|a article27
|
| 992 |
|
|
|a RBX
|
| 999 |
|
|
|c 2245613
|d 2247543
|